000 003750000a22001450004500
003 MACL
040 _aMACL
090 _c5254
_d5253
100 _aRanganathan, S R
245 _aA Descriptive Account of Colon Classification
260 _bSarada Ranganathan Endowment for Library Science
_c1990
350 _a75
650 _aLibrary & Information Science
942 _cBOOK
_k020
999 _c5215
_d5215